000 00537nam a2200169Ia 4500
008 151213s9999 xx 000 0 und d
020 _a0-582-78278-3
100 _aJohn Millington ( notes by Marks Martiner )
245 _aThe Play Boy of the Western World
_cJohn Millington ( notes by Marks Martiner )
250 _a1st
260 _aLondon
_bLongman York Press
_c1981
300 _a4889 p.
650 _aEnglish Literature
650 _aEnglish Literature
700 _aJohn Millington ( notes by Marks Martiner )
999 _c3072
_d3072